Migranti ako poberatelia sociálnych dávok

Migrácia za prácou, migrácia ekonomická, migrácia za sociálnymi dávkami (sociálna turistika). Modely sociálneho systému. Vzory migračného správania pre skupiny krajín patriace do OECD.

Gespeichert in:
Bibliographische Detailangaben
1. Verfasser: Lennerová, Ivana, 1979-
Format: Buchkapitel
Sprache:Slowakisch
Schlagworte:
Tags: Tag hinzufügen
Keine Tags, Fügen Sie das erste Tag hinzu!

MARC

LEADER 00000naa$a2200000$$$4500
001 0249876
005 20240712115603.1
041 0 |a slo 
044 |a SK 
245 1 0 |a Migranti ako poberatelia sociálnych dávok  |c Ivana Lennerova 
520 |a Migrácia za prácou, migrácia ekonomická, migrácia za sociálnymi dávkami (sociálna turistika). Modely sociálneho systému. Vzory migračného správania pre skupiny krajín patriace do OECD. 
610 2 0 |a migrácia 
610 2 0 |a migrácia nelegálna 
610 2 0 |a imigrácia 
610 2 0 |a politika migračná 
610 2 0 |a pohyb síl pracovných 
610 2 0 |a pohyb síl pracovných medzinárodný 
610 2 0 |a modely 
610 2 0 |a dávky sociálne 
610 2 0 |a právo pracovné 
610 2 0 |a systémy sociálne 
610 2 0 |a politika sociálna 
610 2 0 |a trh práce 
610 2 0 |a OECD 
610 2 0 |a Európska únia 
100 1 |a Lennerová, Ivana, 1979-